000 00633nam a2200217Ii 4500
003 JO-AjNU
008 230606s9999||||xx |||||||||||||| ||und||
020 _a978-0-7506-5090-8
040 _aJO-AjNU
_beng
_erda
_cJO-AjNU
041 _aeng
050 1 4 _aTE145.O67 2005
100 3 _aOflaherty,
_eauthor
_94911
245 0 0 _aHighways :the location , design ,construction and maintenance of road pavements
250 _a4 ed
264 3 1 _aNew York :CRC press ,2011
300 _a550p
336 _atext
_btxt
_2rdacontent
337 _aunmediated
_bn
_2rdamedia
338 _avolume
_bnc
_2rdacarrier
650 4 _aHighways
_94912
999 _aE2541
_c2539
_d2539